Building a Story Brand: Clarify Your Message So Customers Will Listen (Record no. 12728)

MARC details
000 -LEADER
fixed length control field 00393nam a2200145 4500
003 - CONTROL NUMBER IDENTIFIER
control field OSt
008 - FIXED-LENGTH DATA ELEMENTS--GENERAL INFORMATION
fixed length control field 240702b |||||||| |||| 00| 0 eng d
020 ## - INTERNATIONAL STANDARD BOOK NUMBER
International Standard Book Number 9781404107212
100 ## - MAIN ENTRY--PERSONAL NAME
Personal name MILLER, Donald
245 ## - TITLE STATEMENT
Title Building a Story Brand: Clarify Your Message So Customers Will Listen
260 ## - PUBLICATION, DISTRIBUTION, ETC. (IMPRINT)
Place of publication, distribution, etc New York
Name of publisher, distributor, etc Harper Collins
Date of publication, distribution, etc 2017
300 ## - PHYSICAL DESCRIPTION
Extent ix, 228 p.
650 ## - SUBJECT ADDED ENTRY--TOPICAL TERM
Topical term or geographic name as entry element General
942 ## - ADDED ENTRY ELEMENTS (KOHA)
Source of classification or shelving scheme Dewey Decimal Classification
Koha item type Text Books
Holdings
Withdrawn status Lost status Source of classification or shelving scheme Damaged status Not for loan Collection code Home library Current library Date acquired Source of acquisition Currency Cost, normal purchase price Bill Number Total Checkouts Full call number Acc. no. / Barcode Checked out Date last seen Date last borrowed Actual Cost, discounted price Bill Date Koha item type
    Dewey Decimal Classification     GENERAL PIET C-LIBRARY PIET C-LIBRARY 29/06/2024 Zafaa Books and Distributors In rupees 599.00 ZBD0087 1 658.8 MIB 37723 28/01/2025 12/07/2024 12/07/2024 449.25 29/06/2024 Text Books

Design & Developed by: PIET Central Library
R70 Miles Stone Pattikalyana Samalkha Panipat 132102
mail ID :- [email protected], Phone No:- 0180-2569700 Ex.216